| 000 | 00000nam##2200000za#4500 |
| 001 | 9.568300 |
| 003 | CaOODSP |
| 005 | 20240215150447 |
| 007 | cr ||||||||||| |
| 008 | 150406|2001||||xxc|||||o f|0| 0 eng|d |
| 040 | |aCaOODSP|beng |
| 043 | |an-cn--- |
| 086 | 1 |aPS83-3/96E-PDF |
| 110 | 2 |aCorrectional Service Canada. |
| 245 | 10|aDevelopment of a reliable self-report instrument for the assessment of criminogenic need / |h[electronic resource]|c[by] Ralph C. Serin and Donna L. Mailloux. |
| 260 | |bCorrectional Service Canada |cJanuary 2001. |
| 300 | |a42p.|bgraph, references, tables |
| 490 | 1 |aResearch report|v[R-96] |
| 590 | |a10-12-Supp|b2010-11-18 |
| 720 | 1 |aSerin, Ralph C. |
| 720 | 1 |aMailloux, Donna L. |
| 775 | 08|tÉlaboration d'un instrument d'auto-évaluation fiable des facteurs criminogènes / |w(CaOODSP)9.599590 |
| 830 | #0|aResearch report (Correctional Service Canada. Research Branch)|v[R-96]|w(CaOODSP)9.506063 |
| 856 | 40|ahttp://publications.gc.ca|qPDF|s76 KB|uhttps://publications.gc.ca/collections/collection_2010/scc-csc/PS83-3-96-eng.pdf|y[R-96] |